Normale Ansicht MARC-Ansicht ISBD

Ein Überraschungsgast zum Abschluss der Konzertreihe (Titelsatznr. 373314)

[ MARC ]
MARC-Details
000 -Satzkennung
Kontrollfeld mit fester Länge 00695nab a2200193 4500
001 - Kontrollnummer
Kontrollfeld 244442
003 - Kontrollnummer Identifier
Kontrollfeld OSt
005 - Datum und Zeit der letzten Transaktion
Kontrollfeld 20240903085624.0
007 - Feld mit fester Länge zur physischen Beschreibung - Allgemeine Information
Kontrollfeld mit fester Länge tu
008 - Feld mit fester Länge zur physischen Beschreibung - Allgemeine Angaben
Kontrollfeld mit fester Länge 200917s2020|||||||
040 ## - Katalogisierungsquelle
Original-Katalogisierungsstelle DE-2950
Übertragungsstelle DE-2950
245 00 - Titel
Titel Ein Überraschungsgast zum Abschluss der Konzertreihe
Zusatz zum Titel Klassik ohne Grenzen. Über 5.000 Besucher kamen an den Anger in Frankfurt zum letzte Konzert in diesem Sommer. Im Publikum saß auch der Ministerpräsident/
Verfasserangabe etc. Leonard Palm
264 ## - Produktion, Veröffentlichung, Distribution, Herstellung und Urheberrechtsvermerk
Datum der Herstellung, der Veröffentlichung, des Vertriebs oder des Urheberschutzvermerks 2024
653 ## - Indexierungsterm - Nicht normiert
Nicht-normierter Term Frankfurt (Oder)
653 ## - Indexierungsterm - Nicht normiert
Nicht-normierter Term Klassik ohne Grenzen
653 ## - Indexierungsterm - Nicht normiert
Nicht-normierter Term Abschlusskonzert
773 0# - Übergeordnete Einheit
Verknüpfungsangaben 35. Jahrgang (2024) Nr. 205 vom 02.09.2024, S. 13, mit Foto
Titel Märkische Oderzeitung
942 ## - Zusätzliche Felder (Koha)
Klassifikation oder Aufstellungssystematik Andere/Generische Klassifikation
Koha-Medientyp Aufsätze
Exemplare
Ausgeschieden Verloren Klassifikation oder Aufstellungssystematik Beschädigt Nicht entleihbar Heimatbibliothek Aufenthaltsbibliothek Aufstellungsort Erwerbungsdatum Anzahl Ausleihen Signatur Letzte Aktivität Preis gültig von Koha-Medientyp
    Andere/Generische Klassifikation     Stadtarchiv Frankfurt (Oder) | Archivbibliothek Stadtarchiv Frankfurt (Oder) | Archivbibliothek Magazin 03/09/2024   Z2 03/09/2024 03/09/2024 Aufsätze